| 000 | 00396nam a2200157 a 4500 | ||
|---|---|---|---|
| 082 | 0 | 0 |
_a291 _bHAQ |
| 100 | _aHaque, Q A | ||
| 245 | _aIslam and Other Faiths. | ||
| 260 |
_aSecunderabad _bAnjuman-E-Taraqi-E-Islam _c1916 |
||
| 300 | _a48p | ||
| 500 | _aincludes index and biblioraphy | ||
| 505 | 2 | _aacc no 1649 is archives | |
| 650 | _aComparative Religion | ||
| 700 | 1 | _aHaque, Q A | |
| 942 | _cBK | ||
| 999 |
_c2731 _d2731 |
||